[Event "Gjovik op"]
[Site "Gjovik"]
[Date "2009.01.07"]
[Round "9"]
[White "Agdestein, Emil Dovig"]
[Black "Nyland, Thomas"]
[Result "1-0"]
[WhiteElo "2145"]
[BlackElo "2140"]
[PlyCount "109"]
[EventDate "2008.12.29"]
[EventType "swiss"]
[EventRounds "9"]
[EventCountry "NOR"]
[SourceTitle "CBM 130 Extra"]
[Source "ChessBase"]
[SourceDate "2009.07.02"]
[SourceVersion "2"]
[SourceVersionDate "2009.07.15"]
[SourceQuality "1"]

1. e4 e5 2. Nf3 Nc6 3. Bb5 Nf6 4. d3 d6 5. c3 Be7 6. Nbd2 0-0 7. Nf1 Bg4 8. h3 Bxf3 9. Qxf3 d5 10. g4 dxe4 11. dxe4 Ne8 12. Be3 Nd6 13. Rd1 Bg5 14. Bc5 Qe7 15. Bxc6 bxc6 16. Ne3 Bxe3 17. Qxe3 Qe6 18. b3 a5 19. 0-0 a4 20. c4 axb3 21. axb3 Rfd8 22. Rd3 Nb7 23. Rfd1 Rxd3 24. Rxd3 Nxc5 25. Qxc5 h5 26. gxh5 Qf6 27. Qe3 Qh4 28. Qf3 Ra1+ 29. Kg2 Ra2 30. Qf5 Re2 31. Rd7 Qxe4+ 32. Qxe4 Rxe4 33. Rxc7 Re2 34. Rxc6 Rb2 35. Rc8+ Kh7 36. Rb8 e4 37. Kg3 f5 38. c5 Rc2 39. b4 Rc3+ 40. Kg2 f4 41. Rb6 Rc2 42. Kf1 Rc1+ 43. Ke2 Rc2+ 44. Ke1 f3 45. c6 Re2+ 46. Kd1 e3 47. fxe3 Rxe3 48. Rb8 f2 49. Rf8 Re1+ 50. Kd2 f1Q 51. Rxf1 Rxf1 52. c7 Rf8 53. b5 Rc8 54. b6 Kh6 55. Kd3 1-0

[Event "Gjovik op"]
[Site "Gjovik"]
[Date "2008.12.29"]
[Round "1"]
[White "Agdestein, Emil Dovig"]
[Black "Kulaots, Kaido"]
[Result "0-1"]
[WhiteElo "2145"]
[BlackElo "2556"]
[PlyCount "86"]
[EventDate "2008.12.29"]
[EventType "swiss"]
[EventRounds "9"]
[EventCountry "NOR"]
[SourceTitle "CBM 130 Extra"]
[Source "ChessBase"]
[SourceDate "2009.07.02"]
[SourceVersion "2"]
[SourceVersionDate "2009.07.15"]
[SourceQuality "1"]

1. d4 Nf6 2. Nf3 e6 3. Bg5 h6 4. Bxf6 Qxf6 5. g3 d5 6. Bg2 c5 7. c3 Nc6 8. 0-0 Bd7 9. Re1 cxd4 10. cxd4 Bb4 11. Nc3 0-0 12. Rc1 Rfd8 13. a3 Bf8 14. e3 Be8 15. Ne2 Bd6 16. Nf4 Na5 17. Nd3 Nc4 18. Nd2 Rac8 19. Nxc4 dxc4 20. Nf4 Bxf4 21. gxf4 Bc6 22. Bxc6 Rxc6 23. Qe2 b5 24. a4 a6 25. Rc2 Rdc8 26. axb5 axb5 27. Rec1 Qf5 28. f3 Qd5 29. Kf2 b4 30. Qd2 Qa5 31. Ke2 c3 32. bxc3 b3 33. Rb2 Rxc3 34. Rxc3 Rxc3 35. Ke1 Rxe3+ 36. Kf2 Qxd2+ 37. Rxd2 Rc3 38. Ke2 Rc8 39. Rb2 Rb8 40. Kd3 g6 41. f5 gxf5 42. f4 Kg7 43. Ke3 Kf6 0-1

[Event "Gibraltar Masters"]
[Site "Gibraltar"]
[Date "2007.02.01"]
[Round "9"]
[White "Agdestein, Emil Dovig"]
[Black "Lagno, Kateryna"]
[Result "0-1"]
[WhiteElo "2116"]
[BlackElo "2456"]
[PlyCount "72"]
[EventDate "2007.01.23"]
[EventType "swiss"]
[EventRounds "9"]
[EventCountry "ENG"]
[SourceTitle "CBM 116 Extra"]
[Source "ChessBase"]
[SourceDate "2007.03.07"]
[SourceVersion "1"]
[SourceVersionDate "2007.03.07"]
[SourceQuality "1"]

1. e4 d6 2. Bc4 Nf6 3. d3 Nc6 4. Nc3 Na5 5. Bb3 Nxb3 6. axb3 e5 7. f4 exf4 8. Bxf4 Be7 9. Nf3 0-0 10. 0-0 c6 11. Qe1 Kh8 12. Qf2 a6 13. Rae1 Bd7 14. Nd4 Ng4 15. Qf3 Qb6 16. Be3 Rae8 17. Nf5 Nxe3 18. Qxe3 Qxe3+ 19. Rxe3 Bd8 20. Ref3 Bc7 21. Kh1 f6 22. h3 g6 23. Ne3 Kg7 24. Ncd1 Be6 25. Nc3 Rd8 26. Ng4 Bxg4 27. hxg4 Rde8 28. d4 Ba5 29. Re3 d5 30. Rfe1 Kf7 31. e5 fxe5 32. Rxe5 Rxe5 33. Rxe5 Bxc3 34. bxc3 Re8 35. Rxe8 Kxe8 36. g5 a5 0-1

[Event "Gibraltar Challengers Week2"]
[Site "Gibraltar"]
[Date "2007.01.28"]
[Round "1"]
[White "Guardia Bencomo, Tomas"]
[Black "Agdestein, Emil Dovig"]
[Result "0-1"]
[WhiteElo "1900"]
[BlackElo "2116"]
[PlyCount "49"]
[EventDate "2007.01.28"]
[EventType "swiss"]
[EventRounds "5"]
[EventCountry "ENG"]
[SourceTitle "EXT 2008"]
[Source "ChessBase"]
[SourceDate "2007.11.25"]
[SourceVersion "1"]
[SourceVersionDate "2007.11.25"]
[SourceQuality "1"]

1. c4 e5 2. Nc3 Nc6 3. g3 f5 4. d3 Nf6 5. Bg2 Bc5 6. Nf3 d6 7. a3 a5 8. Nd5 Nxd5 9. cxd5 Ne7 10. e4 fxe4 11. dxe4 0-0 12. 0-0 Qe8 13. Nh4 Bd7 14. a4 Ng6 15. Nxg6 Qxg6 16. b3 Bg4 17. Qd3 Qh5 18. Ra2 b6 19. Be3 Bf3 20. Bxc5 bxc5 21. Rc2 Rab8 22. Rb1 Rb4 23. Bxf3 Qxf3 24. Qxf3 Rxf3 25. Rc4 0-1

[Event "Gibraltar Challengers Week1"]
[Site "Gibraltar"]
[Date "2007.01.24"]
[Round "2"]
[White "Osuna Vega, Enrique"]
[Black "Agdestein, Emil Dovig"]
[Result "0-1"]
[WhiteElo "2177"]
[BlackElo "2116"]
[PlyCount "68"]
[EventDate "2007.01.23"]
[EventType "swiss"]
[EventRounds "5"]
[EventCountry "ENG"]
[SourceTitle "EXT 2008"]
[Source "ChessBase"]
[SourceDate "2007.11.25"]
[SourceVersion "1"]
[SourceVersionDate "2007.11.25"]
[SourceQuality "1"]

1. Nf3 g6 2. e4 Bg7 3. d4 d6 4. Nc3 Nd7 5. Bc4 e6 6. Bg5 Ne7 7. Qd2 h6 8. Be3 a6 9. a4 b6 10. 0-0 Bb7 11. Ne1 Nf6 12. f3 d5 13. Bd3 dxe4 14. Nxe4 Nf5 15. Nxf6+ Qxf6 16. c3 Nxe3 17. Qxe3 0-0 18. Be4 Rab8 19. Nd3 Rfd8 20. Ne5 c5 21. f4 cxd4 22. cxd4 Qe7 23. Rac1 Qb4 24. Rc4 Qxc4 25. Nxc4 Bxd4 26. Bxb7 Rxb7 27. Kf2 Rc7 28. b3 b5 29. axb5 axb5 30. Ke2 Bxe3 31. Nxe3 Rc3 32. Rb1 Rdd3 33. Ng4 Rxb3 34. Ra1 Ra3 0-1

[Event "Gausdal Classics GM-B"]
[Site "Gausdal"]
[Date "2006.04.26"]
[Round "4"]
[White "Agdestein, Emil Dovig"]
[Black "Kvisla, Johannes Luangtep"]
[Result "1-0"]
[WhiteElo "2102"]
[BlackElo "2026"]
[PlyCount "49"]
[EventDate "2006.04.23"]
[EventType "swiss"]
[EventRounds "9"]
[EventCountry "NOR"]
[SourceTitle "CBM 111 Extra"]
[Source "ChessBase"]
[SourceDate "2006.05.09"]
[SourceVersion "1"]
[SourceVersionDate "2006.05.09"]
[SourceQuality "1"]

1. e4 e5 2. Bc4 Nf6 3. d3 Nc6 4. Nc3 Bc5 5. Nf3 d6 6. Be3 Nd4 7. Bxd4 exd4 8. Ne2 Bg4 9. Ng3 0-0 10. 0-0 d5 11. exd5 Nxd5 12. h3 Be6 13. Ne4 Bb6 14. Nfg5 h6 15. Nxe6 fxe6 16. Qg4 Qe7 17. Rae1 Rae8 18. Ng3 Qd6 19. Nh5 Rf7 20. Qg6 Ree7 21. Re4 Nf6 22. Nxg7 Nxe4 23. Nxe6+ Rg7 24. Nxg7+ Kf8 25. Qh7 1-0

[Event "Gibraltar Challengers-B"]
[Site "Gibraltar"]
[Date "2006.02.01"]
[Round "4"]
[White "Agdestein, Emil Dovig"]
[Black "Cafolla, Peter"]
[Result "1/2-1/2"]
[WhiteElo "2053"]
[BlackElo "2080"]
[PlyCount "47"]
[EventDate "2006.01.29"]
[EventType "swiss"]
[EventRounds "5"]
[EventCountry "ENG"]
[SourceTitle "EXT 2007"]
[Source "ChessBase"]
[SourceDate "2006.11.23"]
[SourceVersion "1"]
[SourceVersionDate "2006.11.23"]
[SourceQuality "1"]

1. e4 c5 2. Nc3 d6 3. f4 g6 4. Nf3 Bg7 5. Bc4 e6 6. 0-0 Ne7 7. f5 gxf5 8. d3 Nbc6 9. Bg5 f6 10. Bd2 fxe4 11. dxe4 d5 12. exd5 exd5 13. Bb5 0-0 14. Qe1 Kh8 15. Qh4 Bf5 16. Bd3 Bxd3 17. cxd3 Qd7 18. Rae1 Ng6 19. Qh5 Nce5 20. d4 Nd3 21. Rb1 Ndf4 22. Bxf4 Nxf4 23. Qh4 Ng6 24. Qh5 1/2-1/2

[Event "Gibraltar Masters"]
[Site "Gibraltar"]
[Date "2006.01.31"]
[Round "8"]
[White "Lagowski, Patryk"]
[Black "Agdestein, Emil Dovig"]
[Result "1-0"]
[WhiteElo "2393"]
[BlackElo "2053"]
[PlyCount "45"]
[EventDate "2006.01.24"]
[EventType "swiss"]
[EventRounds "10"]
[EventCountry "ENG"]
[SourceTitle "CBM 110 Extra"]
[Source "ChessBase"]
[SourceDate "2006.03.10"]
[SourceVersion "2"]
[SourceVersionDate "2006.03.10"]
[SourceQuality "1"]

1. d4 g6 2. c4 Bg7 3. Nf3 d6 4. g3 Nd7 5. Bg2 e5 6. Nc3 Ne7 7. 0-0 0-0 8. e4 exd4 9. Nxd4 Nc6 10. Nc2 Nc5 11. Qd2 Re8 12. f3 f5 13. b4 Nd7 14. exf5 gxf5 15. Bb2 Nde5 16. f4 Ng4 17. Rae1 Bd7 18. b5 Na5 19. h3 Nf6 20. Nd5 Ne4 21. Rxe4 fxe4 22. Bxg7 Kxg7 23. Qxa5 1-0

[Event "Gibraltar Challengers-A"]
[Site "Gibraltar"]
[Date "2006.01.28"]
[Round "5"]
[White "Agrest, Inna"]
[Black "Agdestein, Emil Dovig"]
[Result "1/2-1/2"]
[WhiteElo "2030"]
[BlackElo "2053"]
[PlyCount "52"]
[EventDate "2006.01.24"]
[EventType "swiss"]
[EventRounds "5"]
[EventCountry "ENG"]
[SourceTitle "EXT 2007"]
[Source "ChessBase"]
[SourceDate "2006.11.23"]
[SourceVersion "1"]
[SourceVersionDate "2006.11.23"]
[SourceQuality "1"]

1. e4 c6 2. d4 d5 3. Nc3 dxe4 4. Nxe4 Nf6 5. Ng3 e5 6. Nf3 exd4 7. Qxd4 Qxd4 8. Nxd4 Bc5 9. Nb3 Bb6 10. Bd3 Be6 11. Ne4 Nxe4 12. Bxe4 Nd7 13. 0-0 Ne5 14. Re1 0-0-0 15. Bf4 Nc4 16. Rab1 Rhe8 17. Bd3 h6 18. a4 a5 19. Nd2 Nd6 20. Bxd6 Rxd6 21. Nc4 Bxc4 22. Rxe8+ Kd7 23. Rbe1 Be6 24. Rg8 g6 25. h3 h5 26. Be2 Bf5 1/2-1/2

[Event "Gibraltar Challengers-A"]
[Site "Gibraltar"]
[Date "2006.01.26"]
[Round "3"]
[White "Agdestein, Emil Dovig"]
[Black "Bryn, Askild"]
[Result "1-0"]
[WhiteElo "2053"]
[BlackElo "1997"]
[PlyCount "35"]
[EventDate "2006.01.24"]
[EventType "swiss"]
[EventRounds "5"]
[EventCountry "ENG"]
[SourceTitle "EXT 2007"]
[Source "ChessBase"]
[SourceDate "2006.11.23"]
[SourceVersion "1"]
[SourceVersionDate "2006.11.23"]
[SourceQuality "1"]

1. e4 c5 2. Nf3 Nc6 3. Nc3 d6 4. d4 cxd4 5. Nxd4 g6 6. Be3 Bg7 7. Qd2 Bd7 8. f3 a6 9. g4 Rc8 10. h4 h5 11. g5 Ne5 12. 0-0-0 b5 13. Be2 Nc4 14. Bxc4 Rxc4 15. Kb1 e5 16. Nb3 Rc6 17. Nd5 Bf8 18. Na5 1-0

[Event "Gibraltar Challengers-A"]
[Site "Gibraltar"]
[Date "2006.01.24"]
[Round "1"]
[White "Agdestein, Emil Dovig"]
[Black "Phillips, Gordon"]
[Result "1-0"]
[WhiteElo "2057"]
[BlackElo "1790"]
[PlyCount "92"]
[EventDate "2006.01.24"]
[EventType "swiss"]
[EventRounds "5"]
[EventCountry "ENG"]
[SourceTitle "EXT 2007"]
[Source "ChessBase"]
[SourceDate "2006.11.23"]
[SourceVersion "1"]
[SourceVersionDate "2006.11.23"]
[SourceQuality "1"]

1. e4 c5 2. Nc3 Nc6 3. f4 d6 4. Nf3 g6 5. Bc4 Bg7 6. d3 Nf6 7. 0-0 0-0 8. Qe1 Na5 9. Bb3 Nxb3 10. axb3 b6 11. Qh4 e6 12. f5 exf5 13. Bg5 Bb7 14. exf5 d5 15. Rae1 a6 16. Re2 Qd6 17. Rfe1 Rfe8 18. Bf4 Qd7 19. fxg6 fxg6 20. Ne5 Qf5 21. Bg5 Nd7 22. Rf1 Qe6 23. Nf7 Qc6 24. Nd8 Raxd8 25. Bxd8 Rxe2 26. Nxe2 d4 27. Rf2 Qe6 28. Qe7 Qxe7 29. Bxe7 Ne5 30. h3 Nd7 31. Bg5 h6 32. Bd2 g5 33. Ng3 Bd5 34. Nf5 Bf8 35. Kf1 Kh7 36. Ng3 Kg6 37. Re2 Bd6 38. Ne4 Be5 39. Be1 Bf4 40. Bg3 Bc1 41. Nd6 Be3 42. Nc4 Bxc4 43. bxc4 Kf5 44. Bc7 h5 45. Re1 g4 46. Ke2 g3 1-0

[Event "Gausdal Byggern Masters"]
[Site "Gausdal"]
[Date "2005.10.05"]
[Round "5"]
[White "Agdestein, Emil Dovig"]
[Black "Astrup, Hakon"]
[Result "1/2-1/2"]
[WhiteElo "2057"]
[BlackElo "1943"]
[PlyCount "43"]
[EventDate "2005.10.01"]
[EventType "swiss"]
[EventRounds "9"]
[EventCountry "NOR"]
[SourceTitle "CBM 108 Extra"]
[Source "ChessBase"]
[SourceDate "2005.11.04"]
[SourceVersion "1"]
[SourceVersionDate "2005.11.04"]
[SourceQuality "1"]

1. e4 c6 2. Nf3 d5 3. exd5 cxd5 4. Ne5 Nc6 5. Bb5 Bd7 6. Nxd7 Qxd7 7. d4 a6 8. Be2 e6 9. Bf4 Bd6 10. Bxd6 Qxd6 11. 0-0 Nf6 12. c3 0-0 13. Nd2 Rac8 14. Re1 b5 15. Bd3 Na5 16. Nf3 Rc7 17. Ne5 Rb8 18. a3 Nc4 19. Qc2 Qb6 20. b3 Nd6 21. Re3 Rbc8 22. f3 1/2-1/2

[Event "Gausdal Byggern Masters"]
[Site "Gausdal"]
[Date "2005.10.01"]
[Round "1"]
[White "Agdestein, Emil Dovig"]
[Black "Karlsson, Lars"]
[Result "0-1"]
[WhiteElo "2057"]
[BlackElo "2501"]
[PlyCount "54"]
[EventDate "2005.10.01"]
[EventType "swiss"]
[EventRounds "9"]
[EventCountry "NOR"]
[SourceTitle "CBM 108 Extra"]
[Source "ChessBase"]
[SourceDate "2005.11.04"]
[SourceVersion "1"]
[SourceVersionDate "2005.11.04"]
[SourceQuality "1"]

1. e4 c5 2. Nc3 Nc6 3. f4 e6 4. Nf3 d5 5. Bb5 Nf6 6. d3 Be7 7. 0-0 0-0 8. Bxc6 bxc6 9. Qe1 a5 10. Ne5 Qc7 11. b3 Ba6 12. Bb2 c4 13. dxc4 Bb4 14. exd5 cxd5 15. Qg3 dxc4 16. Rfd1 Rfd8 17. h3 Bf8 18. Kh1 Rac8 19. a3 cxb3 20. cxb3 Qb7 21. Rxd8 Rxd8 22. Rd1 Rxd1+ 23. Nxd1 Qe4 24. Ng4 Nxg4 25. hxg4 Qc2 26. Qe1 Bb7 27. Qf1 Qxb3 0-1